00650cam a22002171 450000100060000000300080000600500170001400800390003103500190007004000260008904100080011508200200012310000450014324500950018826000500028330000280033350400190036165000190038065000110039970000220041018152BD-RjUL20211209000238.0140219s19511939enk 001 0 eng a(BD-RjUL)18210 aDLCcFMdUkdDLCbeng aeng a821.8bSWS 19511 aSwinburne, Algernon Charles,d1837-1909.10aSelected poems /cby Algernon Charles Swinburne ; with an introduction by Laurence Binyon. aLondon :bHeinemann,cc1939 [reprinting 1951] axxxix, 236 p. ;c23 cm. aincludes index aEnglish poetry aPoetry aBinyon, Laurence